000 01413cam a22003733a 4500
001 2230
003 FISKH
005 20250210092025.0
008 971220s1998 nyua j 000 1 eng d
010 _a 98815067
020 _a0590258044 (pbk.) :
020 _a078073003990
024 1 0 _a7807300350
024 3 0 _a780590258043
_d50350
035 _a(OCoLC)ocm38119003
040 _aWPB
_cWPB
_dJED
_dIKG
_dSLC
_dOCL
_dDLC
_beng
050 0 0 _aCPB Box no. 1153 vol. 16
082 _aPZ7.D128
100 1 _aDadey, Debbie.
245 1 0 _aKnights don't teach piano /
_cby Debbie Dadey and Marcia Thornton Jones ; illustrated by John Steven Gurney.
260 _aNew York :
_bScholastic,
_c1998.
300 _a66 pages :
_billustrations ;
_c20 cm
490 1 _aAdventures of the Bailey School kids ;
_vBook 29
505 _aP
520 _aThere are some pretty weird grown-ups living in Bailey City. But could the new piano teacher who lives in a castle and wears a full suit of armor really be a knight planning to take over Bailey City? The Bailey School Kids are going to find out!
521 0 _a620
_bLexile
521 1 _aP
_bRaz-Plus
650 0 _aSchool
_vJuvenile fiction.
655 7 _aChildren's stories.
_2lcsh
700 1 _aJones, Marcia Thornton
_eAuthor
700 1 _aGurney, John Steven
_eillustrator
906 _a7
_bcbc
_ccopycat
_d2
_encip
_f19
_gy-genrareb
942 _2ddc
_cBK
_n0
999 _c2230
_d2230